The Dacca law reports : fortnightly law journal : table of cases of the Supreme Court of Pakistan. Volume XX /

Detaylı Bibliyografya
Kurumsal yazarlar: Chowdhury, Obaidul Haque, Chaudhury, A Mountaquim, Ahmed, Shahabuddin
Materyal Türü: Kitap
Dil:English
Baskı/Yayın Bilgisi: Dhaka : Dhaka Law Reports, 1968.
Konular:
Classic Catalogue: View this record in Classic Catalogue
LEADER 01707nam a2200349 a 4500
001 0020911
003 BD-DhAAL
008 101019s1968 bg w 000 0 eng d
040 |a BD-DhAAL  |c BD-DhAAL 
082 0 0 |a 348.5492046 
130 0 |a DLR 
245 0 4 |a The Dacca law reports :  |b fortnightly law journal : table of cases of the Supreme Court of Pakistan.  |n Volume XX /  |c Obaidul Haque Chowdhury, editor. 
246 1 7 |a The Dhaka Law Reports. 
260 |a Dhaka :  |b Dhaka Law Reports,  |c 1968. 
300 |a 1227 p. ;  |c 25 cm 
362 0 |a Vol. 20 (1968) 
500 |a Table of cases of the Supreme Court of Pakistan. 
500 |a "A journal of law reports." 
500 |a Latest issue consulted: Vol. XX, January to December, 1968 
526 |a SOL  |x Saira Rahman Khan, Associate Professor School of Law BRAC University 
541 |e 0020911, 0022303  |a Anupam Gyan Bhandar 
590 |a Published yearly. 
650 0 |a Law reports, digests, etc.  |z Bangladesh. 
650 0 |a Law reports, digests, etc.  |z India  |z Bengal. 
710 1 |a Chowdhury, Obaidul Haque.  |9 3864 
710 1 |a Chaudhury, A Mountaquim.  |9 4122 
710 1 |a Ahmed, Shahabuddin.  |9 3865 
852 1 |a Ayesha Abed Library  |c Reference shelf  
942 0 0 |0 1  |2 ddc  |c 1HOUR 
999 |c 10668  |d 10668 
952 |0 0  |1 0  |2 ddc  |4 0  |6 348_549204600000000_DAC  |7 0  |8 REF  |9 16035  |a BRACUL  |b BRACUL  |c REF  |d 2011-04-10  |l 13  |o 348.5492046 DAC  |p 3010022303  |r 2018-07-24  |s 2018-07-24  |t 2  |w 2011-04-10  |y 1HOUR 
952 |0 0  |1 0  |2 ddc  |4 0  |6 348_549204600000000_DAC  |7 0  |8 REF  |9 24026  |a BRACUL  |b BRACUL  |c REF  |d 2014-03-29  |e Anupam Gyan Bhandar  |l 0  |o 348.5492046 DAC  |p 3010020911  |r 2014-03-29  |t 1  |w 2014-03-29  |y 1HOUR  |x Requisitioned by Saira Rahman Khan, Associate Professor, School of Law, BRAC University.